00371 a2200121 4500020001500000082001900015100001900034245003800053260004700091300002900138650006400167700001800231 a2882130279 a861.08bC8289p aCortes, Carlos aPoesie Costaricienne Du XX Siecle aGeneve, SuissebPatiǫ/Union Latinec1997 a420 pbill, colc20.5 cm apoesiaxliteraturaxs. XXxHistoria y crt︡icazCosta Rica aCarlos Cortes